| 000 | 00496nam a22001697a 4500 | ||
|---|---|---|---|
| 999 |
_c4569 _d4569 |
||
| 003 | GBCCL | ||
| 005 | 20241126110521.0 | ||
| 008 | 180124b xxu||||| |||| 00| 0 eng d | ||
| 040 | _cgbc | ||
| 082 |
_a227.5007 _bJAC |
||
| 100 |
_aJacobs, Jack W. _98449 |
||
| 245 |
_aWhat's Right with the Church: _bStudies in Ephesians / _cJack W. Jacobs |
||
| 260 |
_aIllinois: _b Regular Baptist Press, _c1980 |
||
| 300 |
_a121 p.; _c18 cm. |
||
| 650 |
_aBible _vN.T. _vEphesians _xStudy _98450 |
||
| 942 |
_2ddc _cBK _03 |
||